Kurudu kanchana. (Record no. 113976)

MARC details
000 -LEADER
fixed length control field 00637nam a2200217Ia 4500
003 - CONTROL NUMBER IDENTIFIER
control field OSt
005 - DATE AND TIME OF LATEST TRANSACTION
control field 20251003102109.0
008 - FIXED-LENGTH DATA ELEMENTS--GENERAL INFORMATION
fixed length control field 210210b1981 xxu||||| |||| 00| 0 eng d
040 ## - CATALOGING SOURCE
Transcribing agency AL
041 ## - LANGUAGE CODE
Language code of text/sound track or separate title Kannada
082 ## - DEWEY DECIMAL CLASSIFICATION NUMBER
Classification number K894.2 MITK
100 ## - MAIN ENTRY--PERSONAL NAME
Personal name MITRA (Shambu)
Dates associated with a name ಮಿತ್ರ (ಶಂಭು)
9 (RLIN) 241219
245 ## - TITLE STATEMENT
Title Kurudu kanchana.
Remainder of title ಕುರುಡು ಕಾಂಚಾಣ
260 ## - PUBLICATION, DISTRIBUTION, ETC.
Place of publication, distribution, etc. Maisuru
Name of publisher, distributor, etc. Suruchi Prakashana
Date of publication, distribution, etc. 1981
300 ## - PHYSICAL DESCRIPTION
Extent 104
650 ## - SUBJECT ADDED ENTRY--TOPICAL TERM
Topical term or geographic name entry element Prema Karant
9 (RLIN) 241220
690 ## - LOCAL SUBJECT ADDED ENTRY--TOPICAL TERM (OCLC, RLIN)
Topical term or geographic name as entry element Kannada Drama
9 (RLIN) 241221
700 ## - ADDED ENTRY--PERSONAL NAME
Personal name MAITRA (Amit).
Dates associated with a name ಮಿತ್ರ (ಅಮಿತ್)
9 (RLIN) 241222
906 ## - LOCAL DATA ELEMENT F, LDF (RLIN)
a SG03180
942 ## - ADDED ENTRY ELEMENTS (KOHA)
Source of classification or shelving scheme Dewey Decimal Classification
Koha item type Special Grants
Holdings
Withdrawn status Lost status Source of classification or shelving scheme Damaged status Not for loan Collection code Home library Current library Shelving location Date acquired Cost, normal purchase price Total Checkouts Full call number Barcode Date last seen Price effective from Koha item type
    Dewey Decimal Classification     Kannada St Aloysius Library St Aloysius Library   02/17/2021 0.00   K894.2 MITK SG03180 02/17/2021 02/17/2021 Special Grants